000 00377 a2200169 4500
001 72667
020 _a8526243756
040 _cAnchieta - Colégio São Paulo
100 _aPavloff, Franck
240 1 0 _aEu não queria isso!
_lpor
245 1 0 _aEu não queria isso!
300 _a88
362 0 _a2002
440 1 _aScipione
650 4 _aLiteratura juvenil
942 _cBK
999 _c72667
_d72667